Atlas Československé socialistické republiky

Gespeichert in:
Bibliographische Detailangaben
Format: Karte
Sprache:Tschechisch
Veröffentlicht: Praha : Československá akademie věd, 1966
Ausgabe:1.vyd.
Tags: Tag hinzufügen
Keine Tags, Fügen Sie das erste Tag hinzu!

MARC

LEADER 00000nem a22000003a 4500
001 stu6721
005 20150408181929.2
008 940826s1966----cs------------------cze-d
040 |a STU  |b slo 
041 0 |a cze 
044 |a cs 
245 |a Atlas Československé socialistické republiky 
250 |a 1.vyd. 
260 |a Praha :  |b Československá akademie věd,  |c 1966 
300 |a nestr 
996 |b 284EK09252  |c E*18172  |l EE0101  |s P  |a 0  |w stu6721_0001